<?xml version="1.0" encoding="UTF-8"?><marc:collection xmlns:marc="http://www.loc.gov/MARC21/slim">
  <marc:record>
    <marc:leader>00000nam##2200000za#4500</marc:leader>
    <marc:controlfield tag="001">9.637792</marc:controlfield>
    <marc:controlfield tag="003">CaOODSP</marc:controlfield>
    <marc:controlfield tag="005">20210624221356</marc:controlfield>
    <marc:controlfield tag="007">cr |||||||||||</marc:controlfield>
    <marc:controlfield tag="008">150407|1996||||xxc|||||o    f|0| 0 fre|d</marc:controlfield>
    <marc:datafield tag="040" ind1=" " ind2=" ">
      <marc:subfield code="a">CaOODSP</marc:subfield>
      <marc:subfield code="b">fre</marc:subfield>
    </marc:datafield>
    <marc:datafield tag="043" ind1=" " ind2=" ">
      <marc:subfield code="a">n-cn---</marc:subfield>
    </marc:datafield>
    <marc:datafield tag="086" ind1="1" ind2=" ">
      <marc:subfield code="a">BT22-42/1996F-PDF</marc:subfield>
    </marc:datafield>
    <marc:datafield tag="110" ind1="1" ind2=" ">
      <marc:subfield code="a">Canada. </marc:subfield>
      <marc:subfield code="b">Conseil du trésor.</marc:subfield>
    </marc:datafield>
    <marc:datafield tag="245" ind1="1" ind2="0">
      <marc:subfield code="a">Services de qualité : </marc:subfield>
      <marc:subfield code="h">[ressource électronique]</marc:subfield>
      <marc:subfield code="b">rapport d'étape </marc:subfield>
    </marc:datafield>
    <marc:datafield tag="260" ind1=" " ind2=" ">
      <marc:subfield code="b">Secrétariat du Conseil du Trésor du Canada </marc:subfield>
      <marc:subfield code="c">1996.</marc:subfield>
    </marc:datafield>
    <marc:datafield tag="300" ind1=" " ind2=" ">
      <marc:subfield code="a">68p.</marc:subfield>
    </marc:datafield>
    <marc:datafield tag="500" ind1=" " ind2=" ">
      <marc:subfield code="a">«L'Initiative sur les services de qualité, qui doit s'étaler sur trois ans, répond en fait à une stratégie du gouvernement pour améliorer la qualité des services offerts aux Canadiens et aux Canadiennes. Elle suggère donc, à l'intention de l'administration fédérale toute entière, une série de mesures précises qui trouvent appui sur quatre principes : la participation des clients, le leadership, la participation des employés et l'innovation. Dans ce rapport, le gouvernement présente un aperçu équilibré des progrès réalisés jusqu'ici par les divers ministères au chapitre de la qualité des services ainsi qu'un plan d'action pour soutenir cette évolution.»--Sommaire. N.B.: Le numéro de catalogue (BT22-42/1977) imprimé dans cette publication est incorrect.</marc:subfield>
    </marc:datafield>
    <marc:datafield tag="520" ind1="3" ind2=" ">
      <marc:subfield code="a">L'Initiative sur les services de qualité, qui doit s'étaler sur trois ans, répond en fait à une stratégie du gouvernement pour améliorer la qualité des services offerts aux Canadiens et aux Canadiennes. Elle suggère donc, à l'intention de l'administration fédérale toute entière, une série de mesures précises qui trouvent appui sur quatre principes : la participation des clients, le leadership, la participation des employés et l'innovation. Dans ce rapport, le gouvernement présente un aperçu équilibré des progrès réalisés jusqu'ici par les divers ministères au chapitre de la qualité des services ainsi qu'un plan d'action pour soutenir cette évolution.--Sommaire</marc:subfield>
    </marc:datafield>
    <marc:datafield tag="590" ind1=" " ind2=" ">
      <marc:subfield code="a">10-07-Supp</marc:subfield>
      <marc:subfield code="b">2010-09-08</marc:subfield>
    </marc:datafield>
    <marc:datafield tag="691" ind1="0" ind2="7">
      <marc:subfield code="a">Services gouvernementaux</marc:subfield>
      <marc:subfield code="2">gcpds</marc:subfield>
    </marc:datafield>
    <marc:datafield tag="775" ind1="0" ind2="8">
      <marc:subfield code="t">Quality services : </marc:subfield>
      <marc:subfield code="w">(CaOODSP)9.693617</marc:subfield>
    </marc:datafield>
    <marc:datafield tag="776" ind1="0" ind2="#">
      <marc:subfield code="t">Quality services: a progress report, 1996 / </marc:subfield>
      <marc:subfield code="w">(CaOODSP)9.659165</marc:subfield>
    </marc:datafield>
    <marc:datafield tag="776" ind1="0" ind2="#">
      <marc:subfield code="t">Services de qualité: rapport d'étape, 1996 / </marc:subfield>
      <marc:subfield code="w">(CaOODSP)9.659166</marc:subfield>
    </marc:datafield>
    <marc:datafield tag="856" ind1="4" ind2="0">
      <marc:subfield code="a">http://publications.gc.ca</marc:subfield>
      <marc:subfield code="q">PDF</marc:subfield>
      <marc:subfield code="s">1 Mo</marc:subfield>
      <marc:subfield code="u">https://publications.gc.ca/collections/Collection/BT22-42-1996F.pdf</marc:subfield>
    </marc:datafield>
  </marc:record>
</marc:collection>
